Clubs de la Ligue 1 au National 3 (2024-2025) - Statistiques

Statistiques générales
  • Ce quiz a été pris 147 fois
  • Le résultat moyen est 103 sur 241
Statistiques - réponses
% Correct
Ligue 1 Paris Saint-Germain
96%
Ligue 1 Olympique de Marseille
95%
National 3.J Olympique de Marseille II
94%
Ligue 1 LOSC
93%
National 3.H RC Strasbourg II
93%
Ligue 1 FC Nantes
92%
National 3.B FC Nantes II
92%
National 3.H FCOSK06
92%
National 3.I Lyon-La Duchère
92%
Ligue 1 OGC Nice
92%
Ligue 1 Olympique Lyonnais
92%
Ligue 2 Paris FC
92%
Ligue 1 RC Lens
92%
National 3.E RC Lens II
92%
Ligue 1 RC Strasbourg Alsace
92%
Ligue 1 AS Monaco
91%
National 3.E LOSC II
91%
Ligue 1 Stade Rennais
91%
National 3.C Stade Rennais II
91%
National 3.B TA Rennes
91%
Ligue 1 Toulouse FC
91%
Ligue 2 FC Metz
90%
National 3.H FC Metz II
90%
Ligue 1 Stade Brestois
90%
National 3.A Toulouse FC II
90%
Ligue 1 AJ Auxerre
89%
National 3.G AJ Auxerre II
89%
Ligue 1 AS Saint-Étienne
89%
National 2.B Girondins de Bordeaux
89%
National 3.I AS Saint-Etienne II
88%
National 3.A Girondins de Bordeaux II
88%
Ligue 1 Montpellier HSC
88%
National 3.J Montpellier HSC II
88%
National 3.A Stade Bordelais
88%
Ligue 1 Angers SCO
87%
National 3.B Angers SCO II
87%
Ligue 1 Stade de Reims
87%
National 3.E Stade de Reims II
87%
Ligue 2 FC Lorient
86%
National 3.C FC Lorient II
86%
Ligue 1 Le Havre
86%
Ligue 2 Clermont Foot
84%
National 3.I Clermont Foot II
84%
Ligue 2 Pau FC
83%
National 3.A Pau FC II
83%
Ligue 2 AC Ajaccio
82%
National 3.D AC Ajaccio II
82%
Ligue 2 SM Caen
81%
National 3.D SM Caen II
81%
National AS Nancy
80%
Ligue 2 USL Dunkerque
80%
National 3.D AG Caennaise
79%
National 3.D ASPTT Caen
79%
Ligue 2 Amiens
78%
Ligue 2 SC Bastia
78%
National 3.D SC Bastia II
78%
Ligue 2 Grenoble
76%
Ligue 2 En Avant Guingamp
75%
National 3.C En Avant Guingamp II
75%
National Nîmes Olympique
75%
Ligue 2 FC Annecy
74%
National FC Rouen
74%
National FC Sochaux
74%
National 3.H FC Sochaux-Montbéliard II
74%
Ligue 2 Red Star
74%
Ligue 2 ESTAC
73%
National 3.G ESTAC II
73%
National Valenciennes FC
72%
National 3.E Valenciennes FC II
72%
National 2.A AS Cannes
71%
National Le Mans
71%
National 3.G ASPTT Dijon
70%
National Dijon FCO
70%
National 3.G Dijon FCO II
70%
National 3.I Olympique Lyonnais II
67%
National Bourg-Péronnas
65%
Ligue 2 FC Martigues
64%
National US Orléans
63%
National 3.F US Orléans II
63%
Ligue 2 Rodez
62%
Ligue 2 Stade Lavallois
61%
National 3.B Stade Lavallois II
61%
National FC Versailles
60%
National US Boulogne
60%
National 3.I Thonon-Evian GG
59%
National QRM
58%
National LB Châteauroux
57%
National 3.F LB Châteauroux II
57%
National 2.A SC Toulon
54%
National 2.B Stade Briochin
53%
National 3.C Vannes OC
53%
National 3.B ESOF La Roche-sur-Yon
51%
National 2.B La Roche VF
51%
National 2.B US Saint-Malo
51%
National 3.A Aviron Bayonnais
50%
National 3.D Grand-Quevilly
50%
National 3.H SR Colmar
49%
National 2.B Stade Poitevin
47%
National 2.A Istres FC
46%
National 2.C SAS Epinal
44%
National US Concarneau
44%
National 2.A Bergerac FC
43%
National 3.H Besançon Football
41%
National FC Villefranche-Beaujolais
41%
National 2.A Le Puy FC
41%
National Paris 13 Atlético
41%
National 3.H Racing Besançon
41%
National 2.C US Créteil Lusitanos
40%
National 2.B Les Herbiers VF
39%
National 3.E RC Calais
39%
National 2.B US Avranches
39%
National 2.C FC93
38%
National 2.A Hyères FC
37%
National Aubagne FC
36%
National 2.C AS Beauvais
35%
National 3.J Villefranche SJB
35%
National 2.B Blois Foot 41
34%
National 2.A Etoile Frejus Saint-Raphaël
34%
National 3.H ASM Belfort
32%
National 2.B Bourges Foot 19
32%
National 3.F C'Chartres
32%
National 3.I Chambéry SF
32%
National 3.F ESM Bourges
32%
National 2.A GOAL FC
32%
National 2.A Angoulême Charente
31%
National 2.C US Thionville Lusitanos
31%
National 2.C FC Fleury 91
30%
National 2.C FC Chambly Oise
29%
National 3.E FC Dieppois
28%
National 2.A Jura Sud
28%
National 3.J Olympique d'Alès
28%
National 3.I UF Mâconnais
28%
National 2.B US Granville
28%
National 2.A Pays de Grasse
27%
National 2.C FCM Aubervilliers
26%
National 2.C Haguenau
26%
National 2.B Olympique de Saumur
26%
National 3.G FC Gueugnon
25%
National 3.E Olympique Saint-Quentin
25%
National 3.E Olympique Charleville Prix
24%
National 3.G Racing Club de France
24%
National 3.G US Ivry
24%
National 2.A Andrézieux-Bouthéon
23%
National 2.A AS Saint-Priest
23%
National 3.J ES Cannet-Rocheville
23%
National 3.D FC Borgo
23%
National 3.I FC Bourgoin-Jallieu
23%
National 2.A Les Genêts d'Anglet
23%
National 3.D US Alençonnaise
23%
National 2.B Voltigeurs de Châteaubriant
23%
National 2.C Wasquehal
23%
National 2.B Dinan-Léhon FC
22%
National 2.A Marignane GCBFC
22%
National 3.J USC Corte
22%
National 3.H US Sarre-Union
21%
National 3.A Canet Roussillon
20%
National 3.E JA Drancy
20%
National 3.G Louhans-Cuiseaux
20%
National 3.G Moulins-Yzeure
20%
National 2.C AS Furiani-Agliani
19%
National 3.B AS Vitré
19%
National 3.H CA Pontarlier
18%
National 3.C FC Saint-Lô
18%
National 2.B Poiré VF
18%
National 3.J RCO Agathois
18%
National 3.H Sarreguemines FC
18%
National 3.F SO Romorantin
18%
National 2.C Entente Feignies Aulnoye
17%
National 3.C GSI Pontivy
17%
National 3.H Jura Dolois Football
17%
National 3.G US Lusitanos Saint-Maur
17%
National 2.C Biesheim
16%
National 3.C US Fougères
16%
National 3.F Vierzon FC
16%
National 3.C AF Virois
15%
National 3.E Pays de Cassel
15%
National 2.B Saint-Colomban Locminé
15%
National 2.B Saint-Pryvé Saint-Hilaire
15%
National 3.B USSA Vertou
15%
National 3.A Blagnac FC
14%
National 3.H ES Thaon
14%
National 3.A FC Bassin d'Arcachon
14%
National 3.B FC Challans
14%
National 3.I FC Espaly
14%
National 3.B Sablé FC
14%
National 3.A Trélissac FC
14%
National 2.C US Chantilly
14%
National 3.A US Colomiers
14%
National 2.C FC Balagne
13%
National 3.C Lannion FC
13%
National 3.E IC Croix
12%
National 2.A Rumilly-Vallières
12%
National 3.F SO Châtellerault
12%
National 3.C Stade Plabennécois
12%
National 3.E Pays du Valois
11%
National 3.C Saint-Pierre Milizac
11%
National 2.C AS Villers Houlgate
10%
National 3.C OC Cesson
10%
National 3.G SFC Neuilly-sur-Marne
10%
National 3.H US Raon-l'Étape
10%
National 3.G US Torcy
10%
National 3.B Vendée Fontenay
10%
National 3.E Entente Sannois Saint-Gratien
9%
National 3.B FC Chauray
9%
National 3.C FC Flers
9%
National 3.G FC Montceau Bourgogne
9%
National 3.B La Châtaigneraie
9%
National 3.E US Vimy
9%
National 3.F Avoine OCC
8%
National 3.A FC Albères Argelès
8%
National 3.I FC Chamalières
8%
National 3.G Sainte-Geneviève FC
8%
National 3.D Saint-Ouen-l'Aumône
8%
National 3.B US Panazol
8%
National 3.J ES Fosséenne
7%
National 3.I FC Limonest Dardilly SD
7%
National 3.F FC Montlouis
7%
National 3.D Linas-Montlhéry
7%
National 3.F US Cosne
7%
National 3.D CMS Oissel
6%
National 3.D CS Brétigny
6%
National 3.J FC Lucciana
6%
National 3.J FC Rousset SVO
6%
National 3.I Hauts Lyonnais
6%
National 3.A Lège-Cap-Ferret
6%
National 3.D SU Dives-Cabourg
6%
National 3.A US Castanet
6%
National 3.F US Chauvigny
6%
National 3.I AC Seyssinet
5%
National 3.D AS Chatou
5%
National 3.I Chassieu Décines FC
5%
National 3.A Onet-le-Château
5%
National 3.C Paotred Dispount Ergué-Gabéric
5%
National 3.J Stade Beaucairois
5%
National 3.J USS Aigues-Mortes
5%
National 3.F FC Ouest Tourangeau
4%
National 3.J Sud FC
4%
National 3.F US Châteauneuf-sur-Loire
4%
National 3.J Entente UGA Ardziv
3%
National 3.B US Philibertine
3%
National 3.F Vineuil SF
3%
Aucun quiz correspondant
Distribution des résultats
% des personnes avec chaque résultat
Percentile par nombre de réponses
Votre historique - résultats
Vous n’avez pas pris ce quiz